[Event "Mittelfranken-chTB2a 1819"]
[Site "Mittelfranken"]
[Date "2018.11.04"]
[Round "2.8"]
[White "Ries, Christian"]
[Black "Hollfelder, Gerhard"]
[Result "0-1"]
[WhiteElo "1398"]
[BlackElo "1599"]
[PlyCount "74"]
[EventDate "2018.10.14"]
[EventType "team-tourn"]
[EventRounds "9"]
[EventCountry "GER"]
[SourceTitle "EXT 2022"]
[Source "ChessBase"]
[SourceDate "2021.10.06"]
[SourceVersion "1"]
[SourceVersionDate "2021.10.06"]
[SourceQuality "1"]
[WhiteTeam "Dinkelsbuehl"]
[BlackTeam "Bubenreuth"]
[WhiteTeamCountry "GER"]
[BlackTeamCountry "GER"]

1. d4 Nf6 2. Bf4 e6 3. e3 d6 4. Bd3 Nbd7 5. Nf3 Be7 6. 0-0 Nh5 7. Bg3 Nxg3 8. hxg3 f5 9. Nbd2 0-0 10. c3 Nf6 11. Qc2 d5 12. Ne5 Ne4 13. Nb3 Bg5 14. c4 Rf6 15. Rac1 c6 16. c5 Rh6 17. Rfe1 Qc7 18. Nd2 Bf6 19. Ndf3 g5 20. g4 Bd7 21. b4 Rf8 22. Rb1 a6 23. a4 Kh8 24. b5 Bxe5 25. Nxe5 Rh4 26. g3 Rh6 27. bxa6 bxa6 28. Bxa6 f4 29. gxf4 gxf4 30. Be2 fxe3 31. fxe3 Ng3 32. Kg2 Nxe2 33. Rxe2 Be8 34. Rf2 Rg8 35. Rbf1 Qe7 36. Rf4 Qh4 37. Qf2 Qh3+ 0-1